|
|
|
|
| LEADER |
00669nab a2200193 i 4500 |
| 001 |
publ17793 |
| 005 |
20200107110235.0 |
| 008 |
200107s2019 hu o 0|| zxx d |
| 022 |
|
|
|a 0017-6036
|
| 024 |
7 |
|
|a 31038209
|2 mtmt
|
| 040 |
|
|
|a SZTE Publicatio Repozitórium
|b hun
|
| 041 |
|
|
|a zxx
|
| 100 |
1 |
|
|a Gajdács Márió
|
| 245 |
1 |
3 |
|a Az antibiotikum rezisztencia krízis
|h [elektronikus dokumentum] :
|b lépést tudnak-e tartani a gyógyszerfejlesztő cégek? /
|c Gajdács Márió
|
| 260 |
|
|
|c 2019
|
| 300 |
|
|
|a 736-742
|
| 490 |
0 |
|
|a GYÓGYSZERÉSZET
|v 63 No. 12
|
| 700 |
0 |
1 |
|a Zupkó István
|e aut
|
| 856 |
4 |
0 |
|u http://publicatio.bibl.u-szeged.hu/17793/1/DOC036.PDF
|z Dokumentum-elérés
|